000 01126nam0a22002891 4500
001 rc\4860045
005 20250613021537.0
021 _aRU
_b[61-79103]
035 _a(NLR Aleph) 008903883
090 _a8720373
_c8720373
100 _a20130426d1961 |||y0rusy50 ca
101 0 _arus
102 _aRU
105 _aa z |||||
200 1 _aНаша строительная бригада
_e[Стройупр. № 16 Гиссарского строит. треста
_fЛитзапись Б. Марамзина]
210 _aДушанбе
_cТаджикгосиздат
_d1961
215 _a28 с.
_cил.
_d17
225 1 _aПередовики семилетки
606 _aКирпичная кладка
_xОрганизация труда
_2psbo
606 _aБригады, ударники и коллективы коммунистического труда в строительстве
_2psbo
700 1 _aМуртазаев
_bМ.
_gМуджаба
702 1 _aМарамзин
_bБ.
_4570
801 0 _aRU
_bNLR
_gpsbo
801 1 _aRU
_bELAR
_2rusmarc
852 _aNLR
_j61-2/3189
942 _cBOOK
980 _aNB